Tratado de taquigrafía / (Record no. 104879)

MARC details
000 -LEADER
campo de control de longitud fija 00846nam a2200265 i 4500
001 - NÚMERO DE CONTROL
campo de control 104879
003 - IDENTIFICADOR DE NÚMERO DE CONTROL
campo de control ES-MaACL
005 - FECHA Y HORA DE LA ÚLTIMA TRANSACCIÓN
campo de control 20231026145937.0
007 - CAMPO FIJO DE DESCRIPCIÓN FÍSICA--INFORMACIÓN GENERAL
campo de control de longitud fija t|
008 - DATOS DE LONGITUD FIJA--INFORMACIÓN GENERAL
campo de control de longitud fija 060522q19101920sp ||||1| spa d
080 ## - NÚMERO DE LA CLASIFICACIÓN DECIMAL UNIVERSAL
Número de la Clasificación Decimal Universal 651.93
100 1# - ENTRADA PRINCIPAL--NOMBRE DE PERSONA
Nombre de persona Soto de Gangoiti, Juan.
9 (RLIN) 107512
245 10 - MENCIÓN DEL TÍTULO
Título Tratado de taquigrafía /
Mención de responsabilidad, etc. por Juan Soto de Gangoiti.
250 ## - MENCION DE EDICION
Mención de edición 8ª ed.
260 ## - PUBLICACIÓN, DISTRIBUCIÓN, ETC.
Lugar de publicación, distribución, etc. Madrid :
Nombre del editor, distribuidor, etc. Reus,
Fecha de publicación, distribución, etc. [191-?]
300 ## - DESCRIPCIÓN FÍSICA
Extensión XI, 159 p. ;
Dimensiones 18 cm.
490 1# - MENCIÓN DE SERIE
Mención de serie Manuales Reus ;
Designación de volumen o secuencia 10.
Mención de serie Enseñanza
650 14 - PUNTO DE ACCESO ADICIONAL DE MATERIA--TÉRMINO DE MATERIA
Término de materia o nombre geográfico como elemento de entrada Taquigrafía.
9 (RLIN) 17284
830 0# - PUNTO DE ACCESO ADICIONAL DE SERIE-TÍTULO UNIFORME
Título uniforme Manuales Reus ;
Designación de volumen o secuencia 10.
Título uniforme Enseñanza
9 (RLIN) 187393
852 ## - LOCALIZACIÓN
Ubicación ES-MaACL
Número de control de estantería E-11236
itemnumber R.138933
Ubicación en estantería Depósito 2
Encuadernación Legado: Jacinto Martínez Lacalle
903 ## - NOMBRE PERSONAL DE DONANTE
9 139376
a Martínez Lacalle, Jacinto
e Donante
q 1
942 ## - ELEMENTOS DE ENTRADA SECUNDARIOS (KOHA)
Fuente del sistema de clasificación o colocación Clasificación decimal universal
Tipo de ítem Koha Libro impreso
Holdings
Estatus retirado Estado de pérdida Fuente del sistema de clasificación o colocación Estado de daño No para préstamo Biblioteca de origen Biblioteca actual Ubicación en estantería Fecha de adquisición Fuente de adquisición Total de préstamos Signatura topográfica completa Código de barras Visto por última vez Precio de reemplazo Tipo de ítem Koha
    Clasificación decimal universal     Biblioteca del Ateneo de Madrid Biblioteca del Ateneo de Madrid Depósito 2 17/01/2008 Legado   E-11236 1109493 23/02/2023 23/02/2023 Libro impreso